000 00974nam a2200301Ia 4500
003 OSt
005 20221005025703.0
006 a|||||r|||| 00| 0
007 ta
008 221004b |||||||| |||| 00| 0 eng d
020 _a9781598849899 (pbk)
_c3488.76
024 _a25241
037 _b114, 15/03/2016, Pioneer Books Distributors
_cTextual
040 _aCRL
_cCRL
_beng
041 _2eng
_aeng
082 _a2:8, P2;Q3
100 _aMoran Barbara
_9582012
245 0 _aLibrary and information center management
250 _a8th
260 _aCalifornia
_bLibraries unlimited U.S.A
_c2013
300 _axv, 469p.
_ccm.
490 _aLibrary and information science text
650 _aLIBRARY SCIENCE
700 _a Morner Claudia J.
_9582013
700 _a Stueart Robert D.
942 _h2:8, P2;Q3
_cTEXL
_2cc
999 _c935119
_d935119